| 000 | 00548pab a2200193 454500 | ||
|---|---|---|---|
| 008 | 180718b2017 xxu||||| |||| 00| 0 eng d | ||
| 100 | _aNanda Sa, Sachita | ||
| 245 | _aGrowth and variability of public health expenditure in EAG states of India | ||
| 260 | _c2017 | ||
| 300 | _ap.21-40. | ||
| 362 | _aDec | ||
| 650 | _aHealth expenditure - India | ||
| 650 | _aHealth services - India | ||
| 650 | _aPublic health - India | ||
| 650 | _aPublic health | ||
| 700 | _aGupta, Upama Kumari | ||
| 773 | _aMan and Development | ||
| 909 | _a117192 | ||
| 999 |
_c117186 _d117186 |
||